000 00377nam a2200157Ia 4500
008 210716s1989 xx 000 0 und d
020 _a8170291178
041 _aeng
082 _a005.3001 CLAD
100 _aClark, David J.
245 _aWordstar instant reference.
250 _a1
260 _aNew Delhi
_bBPB Publications
_c1989
300 _axvi,314
650 _aNone
999 _c181929
_d181929